000
00323 a2200133 4500
000
nam a22 7a 4500
100
_a
कोर
110
_a
कोर
245
_a
Yog evem Tanav Prabhandhan
250
_a
latest edition
260
_b
Friends publication
_c
2024
264
_b
Friends publication
_c
2024
942
_c
BK
999
_c
396148
_d
396148